LEADER 01185nam a22002772a 4500
001 000057147
003 CZ BrMZK
005 20070417072416.0
008 950407s1972 xr f cze d
015 |a cnb000438703 
035 |a (OCoLC)42158138 
040 |a BOA001  |b cze 
100 1 |a Parolek, Radegast,  |d 1920-2019  |7 jk01091773  |4 aut 
245 1 0 |a Literatura a společenský pokrok /  |c Radegast Parolek. Knihovníci, čtenáři, knihovny / Dalibor Vančura 
260 |a Praha :  |b Státní knihovna ČSR,  |c 1972 
300 |a 35 s. 
500 |a Příl. k časopisu Metodický zpravodaj, roč. 1972. 
500 |a Rozmnoženo. 
700 1 2 |a Vančura, Dalibor,  |d 1922-1985.  |t Knihovníci, čtenáři, knihovny  |f 1972 
910 |a BOA001  |b PK-0071.369 
964 |a Pokrok společenský - literatura - pojednání 
964 |a Literatura - pokrok společenský - pojednání 
964 |a Mezinárodní rok knihy - knihovny v Československu - činnost výchovná - rozbory 
964 |a Knihovny v Československu - Mezinárodní rok knihy - činnost výchovná - rozbory 
990 |a BK 
996 7 |b 3119816989  |c PK-0071.369  |l MZK  |r Sklad / do 1 hodiny  |n 2  |w 000057147  |u 000010  |a 1  |e BOA001  |j MZK50  |s A